Les 20 préfectures les plus proches du Puy en Velay - Statistiques

Statistiques générales
  • Ce quiz a été pris 88 fois
  • Le résultat moyen est 16 sur 20
Statistiques - réponses
distance (en km) ville préfecture % Correct
59 Saint-Etienne
96%
103 Clermont-Ferrand
95%
108 Lyon
94%
80 Valence
91%
146 Grenoble
86%
114 Aurillac
85%
66.23 Mende
83%
66.02 Privas
83%
199 Annecy
82%
166 Bourg en Bresse
81%
170 Chambéry
79%
175 Moulins
79%
140 Nimes
79%
158 Macon
77%
142 Avignon
76%
160 Montpellier
76%
129 Rodez
76%
168 Tulle
69%
186 Albi
65%
182 Gap
65%
Aucun quiz correspondant
Distribution des résultats
% des personnes avec chaque résultat
Percentile par nombre de réponses
Votre historique - résultats
Vous n’avez pas pris ce quiz